[Event "D14blitz"]
[Site "?"]
[Date "2020.08.27"]
[Round "4.4"]
[White "Szopa, Emilia"]
[Black "Janikowska, Wiktoria"]
[Result "0-1"]
[BlackElo "1314"]
[WhiteElo "1241"]
[LiveChessVersion "1.4.4"]

1. e4 {[%clk 0:03:02]} c5 {[%clk 0:03:03]} 2. Ne2 {[%clk 0:03:03]} Nc6
{[%clk 0:03:01]} 3. d4 {[%clk 0:03:04]} cxd4 {[%clk 0:03:02]} 4. Nxd4
{[%clk 0:03:05]} g6 {[%clk 0:03:03]} 5. c4 {[%clk 0:03:06]} Nf6 {[%clk 0:03:03]}
6. Nc3 {[%clk 0:03:07]} d6 {[%clk 0:03:03]} 7. Be3 {[%clk 0:03:05]} Ng4
{[%clk 0:02:57]} 8. Bc1 {[%clk 0:02:27]} Qb6 {[%clk 0:02:52]} 9. Be3
{[%clk 0:01:31]} Bg7 {[%clk 0:02:23]} 10. Nxc6 {[%clk 0:00:55]} Nxe3
{[%clk 0:02:21]} 11. fxe3 {[%clk 0:00:47]} Qxe3+ {[%clk 0:02:20]} 12. Ne2
{[%clk 0:00:32]} bxc6 {[%clk 0:02:16]} 13. Qd2 {[%clk 0:00:18]} Qxe4
{[%clk 0:02:14]} 14. Rd1 {[%clk 0:00:08]} Rb8 {[%clk 0:02:01]} 15. b3
{[%clk 0:00:08]} O-O {[%clk 0:01:54]} 16. Qd3 {[%clk 0:00:09]} Qxd3
{[%clk 0:01:46]} 17. Rxd3 {[%clk 0:00:10]} Bf5 {[%clk 0:01:46]} 18. Re3
{[%clk 0:00:10]} e5 {[%clk 0:01:41]} 19. Ng3 {[%clk 0:00:08]} Be6
{[%clk 0:01:39]} 20. Bd3 {[%clk 0:00:09]} f5 {[%clk 0:01:38]} 21. Re2
{[%clk 0:00:07]} d5 {[%clk 0:01:29]} 22. cxd5 {[%clk 0:00:08]} Bxd5
{[%clk 0:01:27]} 23. O-O {[%clk 0:00:09]} h5 {[%clk 0:01:17]} 24. Rc2
{[%clk 0:00:07]} e4 {[%clk 0:01:11]} 25. Bc4 {[%clk 0:00:08]} h4 {[%clk 0:01:01]}
26. Bxd5+ {[%clk 0:00:09]} cxd5 {[%clk 0:01:01]} 27. Ne2 {[%clk 0:00:11]} d4
{[%clk 0:01:00]} 28. Nf4 {[%clk 0:00:12]} d3 {[%clk 0:00:55]} 29. Rc6
{[%clk 0:00:09]} g5 {[%clk 0:00:53]} 30. Nd5 {[%clk 0:00:06]} Kh8
{[%clk 0:00:22]} 31. Ne7 {[%clk 0:00:07]} Rf6 {[%clk 0:00:19]} 32. Rc7 0-1

[Event "D14blitz"]
[Site "?"]
[Date "2020.08.27"]
[Round "4.5"]
[White "Starosta, Martyna"]
[Black "Uliasz, Katarzyna"]
[Result "1/2-1/2"]
[BlackElo "1267"]
[WhiteElo "1722"]
[LiveChessVersion "1.4.4"]

1. e4 c5 2. Nf3 d6 3. d4 cxd4 4. Nxd4 Nf6 5. Nc3 g6 6. Be3 Bg7 7. f3 O-O 8. Qd2
Nc6 9. g4 Qa5 10. O-O-O a6 11. Kb1 Rd8 12. h4 h5 13. gxh5 Nxh5 14. Bc4 Ne5 15.
Be2 b5 16. f4 Ng3 17. fxe5 dxe5 18. Rh2 exd4 19. Bf4 Nxe2 20. Nxe2 Qxd2 21. Rxd2
e5 22. Bg3 Bb7 23. h5 gxh5 24. Rxh5 Bxe4 25. Bxe5 Bxe5 26. Rxe5 d3 27. Rxe4 dxe2
28. Rexe2 Rxd2 29. Rxd2 Re8 30. b3 Re6 31. c4 bxc4 32. bxc4 f5 33. Kc2 Kf7 34.
Kc3 f4 35. Rf2 Rf6 36. Kd4 Ke6 37. Ke4 Kd6 38. Kd4 f3 39. a4 a5 40. Rf1 f2 41.
Ke3 Kc5 42. Rxf2 Rxf2 43. Kxf2 Kxc4 44. Ke3 Kb4 45. Kd4 Kxa4 46. Kc4 Ka3 47. Kc3
Ka2 48. Kc2 a4 49. Kc1 Ka1 50. Kc2 Ka2 51. Kc1 a3 52. Kc2 Ka1 53. Kc1 a2 1/2-1/2

[Event "D14blitz"]
[Site "?"]
[Date "2020.08.27"]
[Round "4.6"]
[White "Garbowska, Maja"]
[Black "Arciszewska, Zuzanna"]
[Result "1-0"]
[BlackElo "1544"]
[WhiteElo "1220"]
[LiveChessVersion "1.4.4"]

1. e4 {[%clk 0:03:03]} e5 {[%clk 0:03:04]} 2. Nf3 {[%clk 0:03:03]} Nc6
{[%clk 0:03:05]} 3. d4 {[%clk 0:03:04]} exd4 {[%clk 0:03:06]} 4. Nxd4
{[%clk 0:03:05]} Bc5 {[%clk 0:03:07]} 5. Nb3 {[%clk 0:03:05]} Bb6
{[%clk 0:03:08]} 6. Nc3 {[%clk 0:03:04]} d6 {[%clk 0:03:07]} 7. Bd3
{[%clk 0:02:43]} Be6 {[%clk 0:03:06]} 8. Bf4 {[%clk 0:02:39]} Nge7
{[%clk 0:03:07]} 9. Qd2 {[%clk 0:02:28]} Ng6 {[%clk 0:03:08]} 10. Bg3
{[%clk 0:02:25]} Qe7 {[%clk 0:03:07]} 11. O-O-O {[%clk 0:02:20]} O-O-O
{[%clk 0:03:08]} 12. Na4 {[%clk 0:01:56]} Nge5 {[%clk 0:03:01]} 13. Nxb6+
{[%clk 0:01:37]} axb6 {[%clk 0:03:02]} 14. Be2 {[%clk 0:01:34]} Kb8
{[%clk 0:02:48]} 15. Nd4 {[%clk 0:01:20]} Nxd4 {[%clk 0:02:20]} 16. Qxd4
{[%clk 0:01:19]} Nc6 {[%clk 0:02:22]} 17. Qa4 {[%clk 0:01:16]} f5
{[%clk 0:02:14]} 18. Rd3 {[%clk 0:01:11]} Kc8 {[%clk 0:01:57]} 19. Ra3
{[%clk 0:00:57]} Kd7 {[%clk 0:01:43]} 20. exf5 {[%clk 0:00:29]} Bxf5
{[%clk 0:01:45]} 21. Bf3 {[%clk 0:00:20]} Ra8 {[%clk 0:01:44]} 22. Bxc6+
{[%clk 0:00:14]} bxc6 {[%clk 0:01:44]} 23. Qb3 {[%clk 0:00:14]} Be6
{[%clk 0:01:27]} 24. Qc3 {[%clk 0:00:13]} Rxa3 {[%clk 0:01:28]} 25. Qxa3
{[%clk 0:00:13]} Bd5 {[%clk 0:01:22]} 26. f3 {[%clk 0:00:11]} h5 {[%clk 0:01:21]}
27. Re1 {[%clk 0:00:09]} Qg5+ {[%clk 0:01:14]} 28. Kb1 {[%clk 0:00:06]} c5
{[%clk 0:01:05]} 29. Qd3 {[%clk 0:00:06]} Ra8 {[%clk 0:00:35]} 30. a3
{[%clk 0:00:07]} Bc6 {[%clk 0:00:30]} 31. Qe2 {[%clk 0:00:06]} Bd5
{[%clk 0:00:29]} 32. Qd3 {[%clk 0:00:06]} h4 {[%clk 0:00:29]} 33. Bf2
{[%clk 0:00:03]} Be6 {[%clk 0:00:26]} 34. Qe4 {[%clk 0:00:03]} Re8
{[%clk 0:00:26]} 35. Qa4+ {[%clk 0:00:03]} Kd8 {[%clk 0:00:09]} 36. Bxh4
{[%clk 0:00:04]} Ba2+ {[%clk 0:00:07]} 37. Kxa2 {[%clk 0:00:04]} Qxh4
{[%clk 0:00:07]} 38. Qxh4+ {[%clk 0:00:05]} Kd7 {[%clk 0:00:08]} 39. Rxe8 Kxe8
{[%clk 0:00:09]} 40. Qe4+ {[%clk 0:00:06]} 1-0

[Event "D14blitz"]
[Site "?"]
[Date "2020.08.27"]
[Round "4.7"]
[White "Siekanska, Maria"]
[Black "Bukala, Weronika"]
[Result "1-0"]
[BlackElo "1251"]
[WhiteElo "1530"]
[LiveChessVersion "1.4.4"]

1. d4 {[%clk 0:03:03]} g6 {[%clk 0:03:03]} 2. c4 {[%clk 0:03:04]} Bg7
{[%clk 0:03:04]} 3. Nc3 {[%clk 0:03:05]} Nf6 {[%clk 0:03:05]} 4. e4
{[%clk 0:03:07]} d6 {[%clk 0:03:05]} 5. Nf3 {[%clk 0:03:07]} Bg4 {[%clk 0:03:05]}
6. Be2 {[%clk 0:03:05]} O-O {[%clk 0:03:00]} 7. Be3 {[%clk 0:02:59]} Nbd7
{[%clk 0:02:54]} 8. O-O {[%clk 0:02:55]} e5 {[%clk 0:02:46]} 9. h3
{[%clk 0:02:52]} Bxf3 {[%clk 0:02:36]} 10. Bxf3 {[%clk 0:02:53]} exd4
{[%clk 0:02:35]} 11. Bxd4 {[%clk 0:02:53]} Re8 {[%clk 0:02:32]} 12. Re1
{[%clk 0:02:53]} Ne5 {[%clk 0:02:29]} 13. Be2 {[%clk 0:02:49]} Nc6
{[%clk 0:02:22]} 14. Bxf6 {[%clk 0:02:34]} Bxf6 {[%clk 0:02:17]} 15. Qd2
{[%clk 0:02:24]} Bxc3 {[%clk 0:02:07]} 16. Qxc3 {[%clk 0:02:20]} Rxe4
{[%clk 0:02:06]} 17. Bf3 {[%clk 0:02:19]} Rxe1+ {[%clk 0:02:02]} 18. Rxe1
{[%clk 0:02:20]} Qd7 {[%clk 0:01:56]} 19. Qb3 {[%clk 0:02:02]} Rb8
{[%clk 0:01:44]} 20. Bxc6 {[%clk 0:01:43]} Qxc6 {[%clk 0:01:42]} 21. Re7
{[%clk 0:01:43]} Kf8 {[%clk 0:00:43]} 22. Qe3 {[%clk 0:01:18]} Qxc4
{[%clk 0:00:35]} 23. Re4 {[%clk 0:01:20]} Qxa2 {[%clk 0:00:29]} 24. Qh6+
{[%clk 0:01:20]} Kg8 {[%clk 0:00:26]} 25. Rh4 {[%clk 0:01:18]} Qb1+
{[%clk 0:00:21]} 26. Kh2 {[%clk 0:01:18]} g5 {[%clk 0:00:21]} 27. Qxg5+
{[%clk 0:01:13]} Qg6 {[%clk 0:00:21]} 28. Qe7 {[%clk 0:01:11]} Kh8
{[%clk 0:00:16]} 29. Rg4 {[%clk 0:01:02]} Qe6 {[%clk 0:00:11]} 30. Qxc7
{[%clk 0:01:00]} Qe5+ {[%clk 0:00:09]} 31. g3 {[%clk 0:00:53]} Rf8
{[%clk 0:00:07]} 32. Qxb7 {[%clk 0:00:48]} Qc5 {[%clk 0:00:06]} 33. Qf3
{[%clk 0:00:46]} f5 {[%clk 0:00:05]} 34. Rf4 {[%clk 0:00:41]} Qe5
{[%clk 0:00:05]} 35. Kg2 {[%clk 0:00:36]} d5 {[%clk 0:00:06]} 36. Ra4
{[%clk 0:00:35]} Qe6 {[%clk 0:00:06]} 37. Rxa7 {[%clk 0:00:33]} Qe5
{[%clk 0:00:06]} 38. Rd7 {[%clk 0:00:31]} Qxb2 {[%clk 0:00:07]} 39. Qxd5
{[%clk 0:00:31]} Qf6 {[%clk 0:00:06]} 40. Qc5 {[%clk 0:00:25]} Qh6
{[%clk 0:00:06]} 41. Qe7 {[%clk 0:00:24]} Rg8 {[%clk 0:00:06]} 42. Qe5+
{[%clk 0:00:24]} Qg7 {[%clk 0:00:04]} 43. Rxg7 {[%clk 0:00:25]} Rxg7
{[%clk 0:00:05]} 44. Qxf5 {[%clk 0:00:26]} Kg8 {[%clk 0:00:06]} 45. g4
{[%clk 0:00:26]} Rf7 {[%clk 0:00:06]} 46. Qxf7+ {[%clk 0:00:26]} Kxf7
{[%clk 0:00:07]} 47. Kg3 {[%clk 0:00:27]} Kf6 {[%clk 0:00:08]} 48. f4
{[%clk 0:00:29]} Kg6 {[%clk 0:00:09]} 49. Kf3 {[%clk 0:00:29]} Kf6
{[%clk 0:00:10]} 50. Ke4 {[%clk 0:00:30]} Ke6 {[%clk 0:00:11]} 51. f5+
{[%clk 0:00:30]} Ke7 {[%clk 0:00:12]} 52. Ke5 {[%clk 0:00:31]} Kf7
{[%clk 0:00:13]} 53. g5 {[%clk 0:00:32]} Kf8 {[%clk 0:00:14]} 54. Kf6
{[%clk 0:00:32]} Kg8 {[%clk 0:00:15]} 55. Ke7 {[%clk 0:00:33]} h5
{[%clk 0:00:13]} 56. gxh6 {[%clk 0:00:32]} Kh8 {[%clk 0:00:14]} 57. f6
{[%clk 0:00:32]} Kg8 {[%clk 0:00:14]} 58. f7+ {[%clk 0:00:31]} Kh7
{[%clk 0:00:14]} 59. f8=Q {[%clk 0:00:29]} Kg6 {[%clk 0:00:13]} 1-0

[Event "D14blitz"]
[Site "?"]
[Date "2020.08.27"]
[Round "5.1"]
[White "Rejniak, Zuzanna"]
[Black "Tokarz, Izabela"]
[Result "1-0"]
[BlackElo "1504"]
[WhiteElo "1587"]
[LiveChessVersion "1.4.4"]

1. e4 {[%clk 0:03:03]} c5 {[%clk 0:03:04]} 2. Nf3 {[%clk 0:03:04]} d6
{[%clk 0:03:04]} 3. d4 {[%clk 0:03:06]} cxd4 {[%clk 0:03:05]} 4. Nxd4
{[%clk 0:03:07]} Nf6 {[%clk 0:03:07]} 5. Nc3 {[%clk 0:03:07]} g6 {[%clk 0:03:08]}
6. Be3 {[%clk 0:03:07]} Bg7 {[%clk 0:03:09]} 7. f3 {[%clk 0:03:09]} O-O
{[%clk 0:03:09]} 8. Qd2 {[%clk 0:03:10]} Nc6 {[%clk 0:03:10]} 9. O-O-O
{[%clk 0:03:10]} d5 {[%clk 0:03:11]} 10. Nxc6 {[%clk 0:02:35]} bxc6
{[%clk 0:03:12]} 11. exd5 {[%clk 0:02:35]} cxd5 {[%clk 0:02:57]} 12. g4
{[%clk 0:02:18]} e6 {[%clk 0:02:43]} 13. Bd4 {[%clk 0:02:14]} Bd7
{[%clk 0:02:36]} 14. g5 {[%clk 0:02:13]} Nh5 {[%clk 0:02:34]} 15. Bxg7
{[%clk 0:02:13]} Nxg7 {[%clk 0:02:35]} 16. f4 {[%clk 0:02:11]} Rb8
{[%clk 0:02:32]} 17. Bd3 {[%clk 0:01:27]} Qb6 {[%clk 0:02:31]} 18. b3
{[%clk 0:01:28]} d4 {[%clk 0:02:15]} 19. Ne4 {[%clk 0:01:24]} Bc6
{[%clk 0:01:15]} 20. Nf6+ {[%clk 0:01:12]} Kh8 {[%clk 0:01:16]} 21. Rhg1
{[%clk 0:01:03]} Ne8 {[%clk 0:01:15]} 22. Nxe8 {[%clk 0:00:52]} Rfxe8
{[%clk 0:01:14]} 23. Rg3 {[%clk 0:00:46]} Qc5 {[%clk 0:01:10]} 24. h4
{[%clk 0:00:37]} a5 {[%clk 0:01:09]} 25. h5 {[%clk 0:00:29]} Kg7 {[%clk 0:01:02]}
26. hxg6 {[%clk 0:00:22]} fxg6 {[%clk 0:00:59]} 27. Rh3 {[%clk 0:00:20]} Rh8
{[%clk 0:00:58]} 28. Bc4 {[%clk 0:00:20]} Rbd8 {[%clk 0:00:45]} 29. Qh2
{[%clk 0:00:17]} Bd5 {[%clk 0:00:29]} 30. Bxd5 {[%clk 0:00:14]} Rxd5
{[%clk 0:00:29]} 31. Rhd3 {[%clk 0:00:15]} a4 {[%clk 0:00:28]} 32. Qh6+
{[%clk 0:00:14]} Kf7 {[%clk 0:00:28]} 33. Qh3 {[%clk 0:00:10]} a3
{[%clk 0:00:19]} 34. Re1 {[%clk 0:00:06]} Rd6 {[%clk 0:00:17]} 35. Qf3
{[%clk 0:00:06]} Rc6 {[%clk 0:00:17]} 36. Qe2 {[%clk 0:00:06]} Qd5
{[%clk 0:00:15]} 37. Qe5 {[%clk 0:00:06]} Qxe5 {[%clk 0:00:14]} 38. Rxe5
{[%clk 0:00:07]} Rd8 {[%clk 0:00:15]} 39. Ra5 {[%clk 0:00:08]} Rdc8
{[%clk 0:00:15]} 40. Rd2 {[%clk 0:00:09]} d3 {[%clk 0:00:13]} 41. c4
{[%clk 0:00:10]} Rc5 {[%clk 0:00:12]} 42. Rxc5 {[%clk 0:00:10]} Rxc5
{[%clk 0:00:13]} 43. Rxd3 {[%clk 0:00:11]} Rf5 {[%clk 0:00:14]} 44. Rd4
{[%clk 0:00:12]} e5 {[%clk 0:00:14]} 45. Rd7+ {[%clk 0:00:11]} Kg8
{[%clk 0:00:15]} 46. fxe5 {[%clk 0:00:11]} Rxe5 {[%clk 0:00:16]} 47. Rd5
{[%clk 0:00:12]} Re1+ {[%clk 0:00:16]} 48. Kd2 {[%clk 0:00:13]} Ra1
{[%clk 0:00:17]} 49. Ra5 {[%clk 0:00:12]} Rxa2+ {[%clk 0:00:18]} 50. Kc3
{[%clk 0:00:13]} Rg2 {[%clk 0:00:13]} 51. Rxa3 {[%clk 0:00:14]} Rxg5
{[%clk 0:00:14]} 52. Kb4 {[%clk 0:00:13]} h5 {[%clk 0:00:15]} 53. c5
{[%clk 0:00:13]} Rg4+ {[%clk 0:00:12]} 54. Kb5 {[%clk 0:00:14]} h4
{[%clk 0:00:11]} 55. c6 {[%clk 0:00:15]} Rg2 {[%clk 0:00:12]} 56. Ra1
{[%clk 0:00:15]} h3 {[%clk 0:00:12]} 57. Rh1 {[%clk 0:00:15]} h2 {[%clk 0:00:12]}
58. c7 {[%clk 0:00:16]} Rc2 {[%clk 0:00:11]} 59. Kb6 {[%clk 0:00:15]} Rc3
{[%clk 0:00:10]} 60. b4 {[%clk 0:00:16]} g5 {[%clk 0:00:10]} 61. Rxh2
{[%clk 0:00:13]} g4 {[%clk 0:00:10]} 62. Rg2 {[%clk 0:00:14]} g3 {[%clk 0:00:11]}
63. Kb7 {[%clk 0:00:15]} Kf7 {[%clk 0:00:10]} 64. c8=Q {[%clk 0:00:15]} Rxc8
{[%clk 0:00:09]} 65. Kxc8 {[%clk 0:00:16]} Kf6 {[%clk 0:00:10]} 66. Rxg3
{[%clk 0:00:17]} Ke5 {[%clk 0:00:12]} 67. Rc3 {[%clk 0:00:18]} Kd4
{[%clk 0:00:13]} 68. Rc7 {[%clk 0:00:19]} Kd5 {[%clk 0:00:14]} 69. b5
{[%clk 0:00:20]} Kd6 {[%clk 0:00:16]} 70. b6 Kd5 1-0

[Event "D14blitz"]
[Site "?"]
[Date "2020.08.27"]
[Round "5.2"]
[White "Janikowska, Wiktoria"]
[Black "Mroz, Lena"]
[Result "1-0"]
[BlackElo "1609"]
[WhiteElo "1314"]
[LiveChessVersion "1.4.4"]

1. d4 {[%clk 0:03:02]} d5 {[%clk 0:03:04]} 2. Nf3 {[%clk 0:03:03]} Nf6
{[%clk 0:03:05]} 3. g3 {[%clk 0:03:04]} c5 {[%clk 0:03:05]} 4. Bg2
{[%clk 0:03:04]} e6 {[%clk 0:03:00]} 5. O-O {[%clk 0:03:03]} Nc6 {[%clk 0:03:01]}
6. c3 {[%clk 0:02:56]} Be7 {[%clk 0:02:59]} 7. Bf4 {[%clk 0:02:46]} O-O
{[%clk 0:02:57]} 8. dxc5 {[%clk 0:02:36]} Bxc5 {[%clk 0:02:58]} 9. b4
{[%clk 0:02:32]} Bd6 {[%clk 0:02:56]} 10. Bxd6 {[%clk 0:02:29]} Qxd6
{[%clk 0:02:57]} 11. a4 {[%clk 0:02:28]} Bd7 {[%clk 0:02:39]} 12. Na3
{[%clk 0:02:14]} a6 {[%clk 0:02:34]} 13. Nc2 {[%clk 0:02:14]} e5 {[%clk 0:02:21]}
14. Nd2 {[%clk 0:01:57]} Qc7 {[%clk 0:01:54]} 15. Nb3 {[%clk 0:01:50]} b6
{[%clk 0:01:54]} 16. Rb1 {[%clk 0:01:41]} Rfe8 {[%clk 0:01:50]} 17. Ne3
{[%clk 0:01:22]} Be6 {[%clk 0:01:25]} 18. Qc2 {[%clk 0:01:13]} Rad8
{[%clk 0:01:26]} 19. Rbd1 {[%clk 0:01:14]} Ne7 {[%clk 0:01:19]} 20. Rd2
{[%clk 0:01:13]} h6 {[%clk 0:01:03]} 21. Rfd1 {[%clk 0:01:13]} Rd7
{[%clk 0:00:50]} 22. a5 {[%clk 0:01:11]} bxa5 {[%clk 0:00:41]} 23. Nc5
{[%clk 0:01:03]} Rd6 {[%clk 0:00:31]} 24. Nxe6 {[%clk 0:00:58]} fxe6
{[%clk 0:00:23]} 25. bxa5 {[%clk 0:00:55]} Red8 {[%clk 0:00:20]} 26. Qa4
{[%clk 0:00:51]} Nc6 {[%clk 0:00:19]} 27. Ra2 {[%clk 0:00:47]} Ne7
{[%clk 0:00:14]} 28. Qa3 {[%clk 0:00:44]} Rc8 {[%clk 0:00:13]} 29. c4
{[%clk 0:00:41]} d4 {[%clk 0:00:14]} 30. Nf1 {[%clk 0:00:31]} Rd7
{[%clk 0:00:15]} 31. Nd2 {[%clk 0:00:31]} Ng6 32. Rb1 {[%clk 0:00:29]} Ne8
{[%clk 0:00:13]} 33. Rb6 {[%clk 0:00:29]} Nd6 {[%clk 0:00:14]} 34. c5
{[%clk 0:00:28]} Nb5 {[%clk 0:00:15]} 35. Qb3 {[%clk 0:00:26]} Re7
{[%clk 0:00:07]} 36. Rxa6 {[%clk 0:00:27]} Qxc5 {[%clk 0:00:08]} 37. Rxe6
{[%clk 0:00:24]} Kh7 {[%clk 0:00:06]} 38. Rxe7 {[%clk 0:00:24]} Nxe7
{[%clk 0:00:07]} 39. Ne4 {[%clk 0:00:22]} Qd5 40. Qxd5 {[%clk 0:00:21]} Nxd5
{[%clk 0:00:07]} 41. a6 {[%clk 0:00:22]} Na7 {[%clk 0:00:08]} 42. Nd6
{[%clk 0:00:22]} Rc6 {[%clk 0:00:09]} 43. Bxd5 {[%clk 0:00:22]} Rxd6
{[%clk 0:00:10]} 44. Bb7 {[%clk 0:00:23]} Rb6 {[%clk 0:00:10]} 45. Rd2
{[%clk 0:00:23]} Nb5 {[%clk 0:00:11]} 46. Rb2 {[%clk 0:00:22]} Kg6
{[%clk 0:00:05]} 47. a7 {[%clk 0:00:21]} Nxa7 {[%clk 0:00:06]} 48. Rxb6+
{[%clk 0:00:22]} Kf5 {[%clk 0:00:07]} 49. Ra6 {[%clk 0:00:22]} 1-0

[Event "D14blitz"]
[Site "?"]
[Date "2020.08.27"]
[Round "5.3"]
[White "Giemza, Julia"]
[Black "Siekanska, Maria"]
[Result "1/2-1/2"]
[BlackElo "1530"]
[WhiteElo "1284"]
[LiveChessVersion "1.4.4"]

1. e4 {[%clk 0:03:03]} c5 {[%clk 0:03:03]} 2. Nf3 {[%clk 0:03:04]} e6
{[%clk 0:03:04]} 3. d4 {[%clk 0:03:05]} cxd4 {[%clk 0:03:05]} 4. Nxd4
{[%clk 0:03:06]} Nf6 {[%clk 0:03:06]} 5. Nc3 {[%clk 0:03:07]} d6 {[%clk 0:03:08]}
6. Be2 {[%clk 0:03:05]} Be7 {[%clk 0:03:09]} 7. Be3 {[%clk 0:03:04]} O-O
{[%clk 0:03:09]} 8. O-O {[%clk 0:03:04]} Nc6 {[%clk 0:03:10]} 9. Nb3
{[%clk 0:03:00]} a6 {[%clk 0:03:10]} 10. f4 {[%clk 0:03:01]} b5 {[%clk 0:03:08]}
11. a3 {[%clk 0:03:01]} Bb7 {[%clk 0:03:08]} 12. h3 {[%clk 0:02:59]} Qc7
{[%clk 0:02:53]} 13. g4 {[%clk 0:02:53]} b4 {[%clk 0:02:54]} 14. axb4
{[%clk 0:02:45]} Nxb4 {[%clk 0:02:54]} 15. Bf3 {[%clk 0:02:45]} d5
{[%clk 0:02:24]} 16. e5 {[%clk 0:02:40]} Ne4 {[%clk 0:02:25]} 17. Bd4
{[%clk 0:02:21]} Nxc3 {[%clk 0:01:54]} 18. Bxc3 Bc5+ 19. Bd4 {[%clk 0:02:09]}
Bxd4+ {[%clk 0:01:53]} 20. Nxd4 {[%clk 0:02:09]} Rac8 {[%clk 0:01:51]} 21. c3
{[%clk 0:02:10]} Nc6 {[%clk 0:01:52]} 22. Nxc6 {[%clk 0:02:02]} Qxc6
{[%clk 0:01:52]} 23. Qe2 {[%clk 0:01:55]} Qb6+ {[%clk 0:01:38]} 24. Kh2
{[%clk 0:01:55]} Rfd8 {[%clk 0:01:30]} 25. Rad1 {[%clk 0:01:51]} Bc6
{[%clk 0:01:29]} 26. Qf2 {[%clk 0:01:49]} Qxf2+ {[%clk 0:01:21]} 27. Rxf2
{[%clk 0:01:50]} Rb8 {[%clk 0:01:21]} 28. Rfd2 {[%clk 0:01:45]} Ba4
{[%clk 0:01:17]} 29. Ra1 {[%clk 0:01:46]} Bb5 {[%clk 0:01:16]} 30. Rad1
{[%clk 0:01:46]} Bc4 {[%clk 0:01:15]} 31. Be2 {[%clk 0:01:40]} Bxe2
{[%clk 0:01:06]} 32. Rxe2 {[%clk 0:01:41]} Rb6 {[%clk 0:01:06]} 33. c4
{[%clk 0:01:35]} d4 {[%clk 0:00:53]} 34. Red2 {[%clk 0:01:35]} d3
{[%clk 0:00:54]} 35. Kg3 {[%clk 0:01:31]} Rb3 {[%clk 0:00:53]} 36. Kf3
{[%clk 0:01:27]} Rd4 {[%clk 0:00:49]} 37. Ke3 {[%clk 0:01:26]} Rxc4
{[%clk 0:00:49]} 38. Rxd3 {[%clk 0:01:26]} Rxd3+ {[%clk 0:00:49]} 39. Rxd3
{[%clk 0:01:28]} Kf8 {[%clk 0:00:46]} 40. Ra3 {[%clk 0:01:28]} Rb4
{[%clk 0:00:40]} 41. Rxa6 {[%clk 0:01:22]} Rxb2 {[%clk 0:00:41]} 42. Ra3
{[%clk 0:01:23]} f6 {[%clk 0:00:32]} 43. Ra8+ {[%clk 0:01:18]} Kf7
{[%clk 0:00:33]} 44. Ra7+ {[%clk 0:01:19]} Kg6 {[%clk 0:00:33]} 45. exf6
{[%clk 0:01:17]} gxf6 {[%clk 0:00:34]} 46. Ra3 {[%clk 0:01:17]} h5
{[%clk 0:00:28]} 47. Ke4 {[%clk 0:01:07]} Rb4+ {[%clk 0:00:25]} 48. Kf3
{[%clk 0:01:07]} e5 {[%clk 0:00:15]} 49. fxe5 {[%clk 0:01:05]} fxe5
{[%clk 0:00:16]} 50. Re3 {[%clk 0:01:06]} hxg4+ {[%clk 0:00:13]} 51. hxg4
{[%clk 0:01:07]} Kf6 {[%clk 0:00:14]} 52. Kg3 {[%clk 0:01:06]} e4
{[%clk 0:00:13]} 53. Kf4 {[%clk 0:01:07]} Kg6 {[%clk 0:00:13]} 54. Rxe4
{[%clk 0:00:52]} Rxe4+ {[%clk 0:00:14]} 55. Kxe4 Kg5 56. Kf3 {[%clk 0:00:54]} Kg6
{[%clk 0:00:16]} 57. Kf4 {[%clk 0:00:54]} Kf6 {[%clk 0:00:17]} 58. g5+
{[%clk 0:00:55]} Kg6 {[%clk 0:00:18]} 59. Kg4 {[%clk 0:00:56]} Kg7
{[%clk 0:00:19]} 60. Kf5 Kf7 61. g6+ Kg7 62. Kg5 {[%clk 0:01:00]} Kg8
{[%clk 0:00:21]} 63. Kf6 Kf8 64. g7+ {[%clk 0:01:02]} Kg8 {[%clk 0:00:24]} 65.
Kg6 {[%clk 0:01:03]} 1/2-1/2

[Event "D14blitz"]
[Site "?"]
[Date "2020.08.27"]
[Round "5.4"]
[White "Barwinska, Ewa"]
[Black "Kucharska, Helena"]
[Result "1-0"]
[BlackElo "1421"]
[WhiteElo "1517"]
[LiveChessVersion "1.4.4"]

1. e4 {[%clk 0:03:02]} e6 {[%clk 0:03:04]} 2. d4 {[%clk 0:03:02]} d5
{[%clk 0:03:05]} 3. Nc3 {[%clk 0:03:03]} Nf6 {[%clk 0:03:06]} 4. e5
{[%clk 0:03:03]} Nfd7 {[%clk 0:03:07]} 5. f4 {[%clk 0:03:04]} c5 {[%clk 0:03:08]}
6. Nf3 {[%clk 0:03:05]} Nc6 {[%clk 0:03:09]} 7. Be3 {[%clk 0:03:06]} Be7
{[%clk 0:03:06]} 8. Be2 {[%clk 0:03:01]} a6 {[%clk 0:02:59]} 9. O-O
{[%clk 0:02:46]} O-O {[%clk 0:02:58]} 10. Kh1 {[%clk 0:02:29]} b5
{[%clk 0:02:38]} 11. dxc5 {[%clk 0:02:17]} Bxc5 {[%clk 0:02:38]} 12. Bxc5
{[%clk 0:02:17]} Nxc5 {[%clk 0:02:38]} 13. Nd4 {[%clk 0:02:00]} Nxd4
{[%clk 0:02:28]} 14. Qxd4 {[%clk 0:02:00]} Qc7 {[%clk 0:02:24]} 15. a3
{[%clk 0:01:45]} Bb7 {[%clk 0:02:09]} 16. Rad1 {[%clk 0:01:21]} Rfd8
{[%clk 0:01:57]} 17. Bg4 {[%clk 0:01:15]} Qe7 {[%clk 0:01:17]} 18. f5
{[%clk 0:01:02]} exf5 {[%clk 0:01:10]} 19. Bxf5 {[%clk 0:01:02]} Ne6
{[%clk 0:01:11]} 20. Qg4 {[%clk 0:00:34]} Nf8 {[%clk 0:00:38]} 21. Rde1
{[%clk 0:00:16]} Ne6 {[%clk 0:00:38]} 22. h3 {[%clk 0:00:15]} h6 {[%clk 0:00:26]}
23. Ne2 {[%clk 0:00:12]} Bc8 {[%clk 0:00:22]} 24. Nc3 {[%clk 0:00:10]} Nc5
{[%clk 0:00:16]} 25. Bxc8 {[%clk 0:00:11]} Raxc8 {[%clk 0:00:17]} 26. Nxd5 Qb7
{[%clk 0:00:12]} 27. Nf6+ {[%clk 0:00:10]} Kh8 {[%clk 0:00:11]} 28. Nh5
{[%clk 0:00:11]} g6 {[%clk 0:00:08]} 29. Nf6 {[%clk 0:00:11]} Ne6
{[%clk 0:00:06]} 30. Qh4 {[%clk 0:00:11]} h5 {[%clk 0:00:07]} 31. Qg3
{[%clk 0:00:11]} Rxc2 {[%clk 0:00:06]} 32. Rf2 {[%clk 0:00:07]} Rdc8
{[%clk 0:00:07]} 33. Rxc2 {[%clk 0:00:07]} Rxc2 {[%clk 0:00:08]} 34. Rf1
{[%clk 0:00:04]} Rxb2 {[%clk 0:00:08]} 35. Re1 {[%clk 0:00:04]} Ra2
{[%clk 0:00:07]} 36. Rg1 {[%clk 0:00:05]} Rc2 {[%clk 0:00:07]} 37. Qd3
{[%clk 0:00:06]} Qc7 {[%clk 0:00:07]} 38. Qe3 {[%clk 0:00:07]} Rc3
{[%clk 0:00:08]} 39. Qh6# {[%clk 0:00:08]} 1-0

[Event "D14blitz"]
[Site "?"]
[Date "2020.08.27"]
[Round "5.5"]
[White "Palejko, Maria"]
[Black "Obrochta, Lena"]
[Result "0-1"]
[BlackElo "1517"]
[WhiteElo "1230"]
[LiveChessVersion "1.4.4"]

1. e4 c5 2. Nf3 e6 3. d4 cxd4 4. Nxd4 a6 5. Nc3 Qc7 6. Be2 Nf6 7. O-O d6 8. Kh1
b5 9. f4 b4 10. Na4 Nxe4 11. Bf3 Bb7 12. Qe2 Nf6 13. c3 bxc3 14. Nxc3 Be7 15. Be3
Nbd7 16. Rac1 Qb8 17. Qf2 O-O 18. Qg3 Bxf3 19. Nxf3 Qxb2 20. f5 e5 21. Bh6 Nh5
22. Qg4 Ndf6 23. Qg5 Kh8 24. Nd5 gxh6 25. Qxh6 Nxd5 26. Qxh5 Nf4 27. Qg4 Rg8 28.
Qxg8+ Rxg8 29. Rg1 Rxg2 30. Rc2 Qxc2 31. f6 Rxg1+ 32. Kxg1 Qg2# 0-1